000 00816cab a2200253 4500
001 WB3423-42
008 090401t1998 xxu||||| |||| 00| 0 eng d
035 _a(Sirsi) u86868
041 _aeng
245 _aAgents win negligence case
260 _c1998
350 _a0
490 _aDaily Telegraph
_v17 June 1998, 11
490 _aBirmingham Post
_v17 June 1998, 8(1)
520 _aA farmer has been ordered to repay damages to Savills after CA overturned negligent valuation award on appeal. Leave to appeal to HL refused. See QBD decision "Watts v Savills" WB3303-43.
650 _aDAMAGES
650 _aLAND SALE
650 _aNEGLIGENCE
650 _aUNDER-VALUATION
650 _aVALUERS
690 _aMANAGEMENT-BUSINESS MANAGEMENT-PROFESSIONAL PRACTICE
942 _n0
948 _c17/06/1998
999 _c54702
_d54702